000 01043nam a22003017a 4500
001 4826
003 FISKH
005 20241016164103.0
008 241016b cb ||||| |||| 00| 0 eng d
020 _a9781406340518
040 _aFISKH
_beng
_cFISKH
_dFISKH
050 _aPZ7.W72934
082 _a813.6
100 _aWinler, Henry
245 _aThe World's Greatest Underachiever and the lucky monkey socks /
_cby Henry Winkler & Lin Oliver
250 _aThis edition published 2012
260 _aNew York :
_bPenguin Young Reader Groups ;
_c2003 .
300 _a175 pages :
_billustrations ;
_c20 cm .
490 _a Hank Zipzer
_vBook 4
505 _aS
520 _aThe pressure is on when Hank Zipzer is chosen as pitcher for the softball team at Public School 87's annual Olympiad, the most anticipated day of the school year.
521 8 _a800
_bLexile estimate
521 8 _aS
_bRaz-Plus
650 _asports
_vfiction
700 _aOliver, Lin
_eillustrator
942 _2ddc
_cBK
_n0
999 _c4826
_d4826